| 000 | 00774nam a2200181 a 4500 | ||
|---|---|---|---|
| 008 | 170817s2016 ||||||||||||||||| || u | ||
| 050 | _aCBU-PG THESIS/BAN | ||
| 100 | _aBanda, Josphat | ||
| 245 | 1 | 0 |
_aHuman Rights of legally presumed innocent persons:the case of detention facilities of Kitwe District _cby Josphat Banda |
| 260 |
_aKitwe: _bCopperbelt University _c2016 |
||
| 300 | _axi, 67p.: ill. | ||
| 500 | _aIncludes References | ||
| 650 | _aHUMAN RIGHTS--ZAMBIA | ||
| 650 | _aCRIMINAL JUSTICE, ADMINISTRATION OF | ||
| 650 | _aDETENTION OF PERSONS--ZAMBIA | ||
| 650 | _aPRE-TRIAL PROCEDURE--ZAMBIA | ||
| 995 |
_FCBU-MAIN LIBRARY (Kitwe) _M1 _UAVAILABLE _WAug 17, 2017 _XCopperbelt University _ZUniversity Collection |
||
| 999 |
_c45997 _d45997 |
||